Central Library OPAC University of Rajshahi

Optimizing the Yield of Rice (Variety : Brri Dhan29) Through Appropriate Agronomic Practices to Ensure Food Security : (Record no. 79942)

MARC details
000 -LEADER
fixed length control field 01001nam a2200241 a 4500
001 - CONTROL NUMBER
RUCL Control Number 79942
003 - CONTROL NUMBER IDENTIFIER
rucl marc code BD-RjUL
005 - DATE AND TIME OF LATEST TRANSACTION
control field 20220608110207.0
008 - FIXED-LENGTH DATA ELEMENTS--GENERAL INFORMATION
fixed length control field 220608s2009 bg a|||| m||| 00| 0 eng d
035 ## - SYSTEM CONTROL NUMBER
system control number (BD-RjUL)79942
040 ## - CATALOGING SOURCE
Original cataloging agency BD-RjUL
Language of cataloging eng
Transcribing agency BD-RjUL
Modifying agency BD-RjUL
041 ## - LANGUAGE CODE
Language code of Book eng
082 ## - DEWEY DECIMAL CLASSIFICATION NUMBER
DDC Edition number 23
Classification number 633.18
Author mark and Year RAO 2009
100 ## - MAIN ENTRY--PERSONAL NAME
Personal name Rahman, Abul Basar Mohammad Ziaur
9 (RLIN) 3512
245 10 - TITLE STATEMENT
Title Optimizing the Yield of Rice (Variety : Brri Dhan29) Through Appropriate Agronomic Practices to Ensure Food Security :
Statement of responsibility, etc Abul Basar Mohammad Ziaur Rahman
Name of Supervisor/Co-Supervisor Supervisor : M. Aminul Hoque
260 ## - PUBLICATION, DISTRIBUTION, ETC. (IMPRINT)
Place of publication, distribution, etc Rajshahi :
Name of publisher, distributor, etc Department of Agronomy and Agricultural Extension, University of Rajshahi,
Date of publication, distribution, etc 2009
300 ## - PHYSICAL DESCRIPTION
Pagination [4], 148 leaves :
Other physical details ill. ;
Dimensions 29 cm.
502 ## - DISSERTATION NOTE
Dissertation note Thesis ( Ph.D.) -- Department of Agronomy and Agricultural Extension, University of Rajshahi, 2009
504 ## - BIBLIOGRAPHY, ETC. NOTE
Bibliography, etc References : Leaves 107-124
650 ## - SUBJECT ADDED ENTRY--TOPICAL TERM
Topical term or geographic name as entry element Rice
General subdivision Food Security
9 (RLIN) 3513
700 ## - ADDED ENTRY--SUPERVISOR/CO-SUPERVISOR NAME
Personal name Hoque, M. Aminul, Supervisor
9 (RLIN) 3085
942 ## - ADDED ENTRY ELEMENTS (KOHA)
Source of classification or shelving scheme Dewey Decimal Classification
Koha item type Theses
Holdings
Source of classification or shelving scheme Damaged status Not for loan Collection code Permanent Location Current Location Shelving location Date of accession Source of acquisition Total Checkouts Full call number Barcode Date last seen Copy number Thesis
Dewey Decimal Classification   Not For Loan Theses Central Library, University of Rajshahi Central Library, University of Rajshahi Documentation Section 28/10/2010 Controller of Exam. R.U.   THE 633.18 RAO 2009 D3102 08/06/2022 C-1 Theses